<?xml version="1.0" encoding="UTF-8"?>
<marc:record xmlns:marc="http://www.loc.gov/MARC21/slim">
   <marc:leader>00000nam a2200000 a 4500</marc:leader>
   <marc:datafield ind1="1" ind2=" " tag="100">
      <marc:subfield code="a">Noack, Hans-Joachim</marc:subfield>
      <marc:subfield code="4">aut</marc:subfield>
      <marc:subfield code="e">Verfasser/-in</marc:subfield>
   </marc:datafield>
   <marc:datafield ind1=" " ind2=" " tag="653">
      <marc:subfield code="a">Brandt</marc:subfield>
   </marc:datafield>
   <marc:datafield ind1=" " ind2=" " tag="653">
      <marc:subfield code="a">Willy</marc:subfield>
   </marc:datafield>
   <marc:datafield ind1=" " ind2=" " tag="653">
      <marc:subfield code="a">Softcover / Sachbücher/Geschichte/Biographien</marc:subfield>
   </marc:datafield>
   <marc:datafield ind1=" " ind2=" " tag="653">
      <marc:subfield code="a">Autobiographien</marc:subfield>
   </marc:datafield>
   <marc:datafield ind1=" " ind2=" " tag="653">
      <marc:subfield code="a">Biografie</marc:subfield>
   </marc:datafield>
   <marc:datafield ind1=" " ind2=" " tag="653">
      <marc:subfield code="a">Biographie</marc:subfield>
   </marc:datafield>
   <marc:datafield ind1="0" ind2="0" tag="245">
      <marc:subfield code="a">Willy Brandt</marc:subfield>
   </marc:datafield>
   <marc:datafield ind1="0" ind2="0" tag="245">
      <marc:subfield code="b">ein Leben, ein Jahrhundert</marc:subfield>
   </marc:datafield>
   <marc:datafield ind1="0" ind2="0" tag="245">
      <marc:subfield code="c">Hans-Joachim Noack</marc:subfield>
   </marc:datafield>
   <marc:datafield ind1=" " ind2="1" tag="264">
      <marc:subfield code="a">Berlin</marc:subfield>
      <marc:subfield code="b">Rowohlt Berlin</marc:subfield>
      <marc:subfield code="c">2013</marc:subfield>
   </marc:datafield>
   <marc:datafield ind1=" " ind2=" " tag="250">
      <marc:subfield code="a">1. Aufl.</marc:subfield>
   </marc:datafield>
   <marc:datafield ind1="1" ind2=" " tag="520">
      <marc:subfield code="a">Angaben aus der Verlagsmeldung

Willy Brandt : Ein Leben, ein Jahrhundert Noack, Willy Brandt / von Hans-Joachim Noack

Kein Politiker der deutschen Nachkriegszeit war derart umstritten und zugleich von einer solchen Leidenschaft erfüllt, kaum einer hat so für seine Visionen gekämpft und musste dabei solche Rückschläge hinnehmen wie Willy Brandt: Vor den Nationalsozialisten floh er ins Exil nach Norwegen, als Berliner Bürgermeister musste er 1961 hilflos dem Bau der Mauer zusehen, der Kniefall des Kanzlers Brandt in Warschau wurde zum Symbol der deutschen Demut und läutete die Entspannungspolitik mit dem Osten ein. Hans-Joachim Noack, langjähriger Politikchef des «Spiegel», verfolgte Brandts Laufbahn über Jahrzehnte aus nächster Nähe und zeichnet nun das Leben des Ausnahmepolitikers nach: Willy Brandts Kampf gegen den Nationalsozialismus, seine Zeit als Korrespondent im Spanische Bürgerkrieg, später sein Aufstieg und sein Ringen in der deutschen Politik, die Erfolge, Fehler und persönlichen Niederlagen. Er porträtiert den schwierigen, zerrissenen und doch so charismatischen Menschen, der aus einfachen Verhältnissen an die Spitze des Staates aufstieg, letztlich aber an sich selbst scheiterte. Das eindrucksvolle Lebensporträt eines großen Staatsmannes – und zugleich eine Reise durch ein bewegtes Jahrhundert deutscher Geschichte.
</marc:subfield>
   </marc:datafield>
   <marc:datafield ind1=" " ind2=" " tag="020">
      <marc:subfield code="a">9783871346453</marc:subfield>
      <marc:subfield code="9">9783871346453</marc:subfield>
   </marc:datafield>
   <marc:datafield ind1=" " ind2=" " tag="020">
      <marc:subfield code="a">3871346454</marc:subfield>
      <marc:subfield code="9">3871346454</marc:subfield>
   </marc:datafield>
   <marc:datafield ind1=" " ind2=" " tag="041">
      <marc:subfield code="a">ger</marc:subfield>
   </marc:datafield>
   <marc:datafield ind1=" " ind2=" " tag="300">
      <marc:subfield code="a">349 S.</marc:subfield>
   </marc:datafield>
</marc:record>
